000 02121cam a2200541 i 4500
999 _c1239
_d1239
001 18945027
003 OSt
005 20221227105157.0
008 160121s2015 nyua j 000 1 eng d
010 _a 2016297197
020 _a9780736434607
035 _a(OCoLC)ocn900179800
040 _aYDXCP
_beng
_cYDXCP
_erda
_dOCLCQ
_dBTCTA
_dCLE
_dOCLCO
_dOCLCF
_dOCLCO
_dDLC
_dKH8
042 _alccopycat
082 0 0 _aFIC THO
_223
100 1 _aThorpe, Kiki,
_eAuthor.
245 1 2 _aA dandelion wish ;
_bFrom the mist /
_cwritten by Kiki Thorpe ; illustrated by Jana Christy.
246 3 0 _aFrom the mist
246 1 _iAt head of title:
_aDisney The never girls
264 1 _aNew York :
_bRandom House,
_c[2015]
300 _a120, 118 pages :
_billustrations ;
_c20 cm
336 _atext
_btxt
_2rdacontent
337 _aunmediated
_bn
_2rdamedia
338 _avolume
_bnc
_2rdacarrier
490 1 _aNever girls
490 0 _aA stepping stone book
500 _a"2 books in 1!"--Cover.
500 _aBound upside-down and back-to-back.
520 _a"The Never Girls--Kate, Lainey, Mia, and Gabby--travel to Never Land, make wishes, and ride on mysterious mist horses in this treasury of the third and fourth adventures"--
_cAmazon.com
650 0 _aVoyages, Imaginary
_vJuvenile fiction.
650 0 _aWishes
_vJuvenile fiction.
650 1 _aFairies
_vFiction.
650 1 _aMagic
_vFiction.
650 1 _aLost children
_vFiction.
650 1 _aHorses
_vFiction.
650 1 _aFog
_vFiction.
650 7 _aVoyages, Imaginary.
_2fast
_0(OCoLC)fst01169333
650 7 _aWishes.
_2fast
_0(OCoLC)fst01176272
655 7 _aFiction.
_2fast
_0(OCoLC)fst01423787
655 7 _aJuvenile works.
_2fast
_0(OCoLC)fst01411637
700 1 _aChristy, Jana,
_eillustrator.
700 1 2 _aThorpe, Kiki.
_tFrom the mist.
_iContains (work):
800 1 _aThorpe, Kiki.
_tNever girls.
856 4 2 _3Publisher description
_uhttps://www.loc.gov/catdir/enhancements/fy1612/2016297197-d.html
906 _a7
_bcbc
_ccopycat
_d2
_encip
_f20
_gy-gencatlg
942 _2ddc
_cFIC